<?xml version="1.0" encoding="UTF-8"?><?xml-stylesheet type="text/xsl" href="static/style.xsl"?><OAI-PMH xmlns="http://www.openarchives.org/OAI/2.0/" xmlns:xsi="http://www.w3.org/2001/XMLSchema-instance" xsi:schemaLocation="http://www.openarchives.org/OAI/2.0/ http://www.openarchives.org/OAI/2.0/OAI-PMH.xsd"><responseDate>2026-06-29T03:08:22Z</responseDate><request verb="GetRecord" identifier="oai:docta.ucm.es:20.500.14352/73237" metadataPrefix="marc">https://docta.ucm.es/rest/oai/request</request><GetRecord><record><header><identifier>oai:docta.ucm.es:20.500.14352/73237</identifier><datestamp>2024-07-04T14:08:28Z</datestamp><setSpec>com_20.500.14352_14</setSpec><setSpec>col_20.500.14352_15</setSpec></header><metadata><record xmlns="http://www.loc.gov/MARC21/slim" xmlns:dcterms="http://purl.org/dc/terms/" xmlns:xsi="http://www.w3.org/2001/XMLSchema-instance" xmlns:doc="http://www.lyncode.com/xoai" xsi:schemaLocation="http://www.loc.gov/MARC21/slim http://www.loc.gov/standards/marcxml/schema/MARC21slim.xsd">
   <leader>00925njm 22002777a 4500</leader>
   <datafield ind2=" " ind1=" " tag="042">
      <subfield code="a">dc</subfield>
   </datafield>
   <datafield ind2=" " ind1=" " tag="720">
      <subfield code="a">Burgos Blasco, Bárbara</subfield>
      <subfield code="e">author</subfield>
   </datafield>
   <datafield ind2=" " ind1=" " tag="720">
      <subfield code="a">García Feijoo, Julián</subfield>
      <subfield code="e">author</subfield>
   </datafield>
   <datafield ind2=" " ind1=" " tag="720">
      <subfield code="a">Ginés Gallego, Cristina</subfield>
      <subfield code="e">author</subfield>
   </datafield>
   <datafield ind2=" " ind1=" " tag="720">
      <subfield code="a">Perucho González, Lucía</subfield>
      <subfield code="e">author</subfield>
   </datafield>
   <datafield ind2=" " ind1=" " tag="720">
      <subfield code="a">Fernández Vigo, José Ignacio</subfield>
      <subfield code="e">author</subfield>
   </datafield>
   <datafield ind2=" " ind1=" " tag="720">
      <subfield code="a">Martínez De La Casa Fernández-Borrella, José María</subfield>
      <subfield code="e">author</subfield>
   </datafield>
   <datafield ind2=" " ind1=" " tag="720">
      <subfield code="a">Sáenz Francés, Federico</subfield>
      <subfield code="e">author</subfield>
   </datafield>
   <datafield ind2=" " ind1=" " tag="720">
      <subfield code="a">Morales Fernández, Laura</subfield>
      <subfield code="e">author</subfield>
   </datafield>
   <datafield ind2=" " ind1=" " tag="720">
      <subfield code="a">Méndez Hernández, Carmen Dora</subfield>
      <subfield code="e">author</subfield>
   </datafield>
   <datafield ind2=" " ind1=" " tag="260">
      <subfield code="c">2023-05</subfield>
   </datafield>
   <datafield ind2=" " ind1=" " tag="520">
      <subfield code="a">Purpose: This study aims to evaluate the efficacy and safety of the PreserFlo MicroShunt (Santen, Osaka, Japan) in lowering intraocular pressure (IOP) in childhood glaucoma patients with previous failed glaucoma surgeries.
Methods: This is a prospective case review of consecutive PreserFlo procedures performed in childhood glaucoma patients after failed surgeries. Age, sex, diagnosis, and previous glaucoma surgeries, as well as visual acuity, IOP, and treatment in the preoperative visit and all follow-up visits were collected. Outcome measures included IOP reduction from baseline, mean IOP change from baseline at month 6, medication use at 6 months, complications, adverse events, and need for further procedures.
Results: Fourteen patients were included, 8 (57%) males and 6 (43%) females; the mean age was 27.5 ± 13.5 years. Nine patients (64%) had at least two trabeculectomies, and 6 patients (43%) had at least one trabeculectomy and a glaucoma drainage implant. The mean IOP change from baseline was 11.3 ± 4.9 mmHg at 12 months. At 12 months, 12 patients (86%) presented ≥ 20% IOP lowering from baseline, and 11 patients (79%) presented ≥ 30%. The mean medication count decreased from 3.9 ± 0.7 (baseline) to 0.7 ± 1.3 (12 months). No intraoperative complications were reported. No adverse events were noted. No secondary filtration surgery was required, although bleb needling was required in one case, 1 month after the surgery.
Conclusions: PreserFlo with MMC can be used successfully to treat uncontrolled IOP in childhood glaucoma cases with previous failed surgeries. Larger studies with longer follow-up are needed to further explore the role of the device in resistant childhood glaucoma cases.</subfield>
   </datafield>
   <datafield ind1="8" ind2=" " tag="024">
      <subfield code="a">Burgos Blasco, B., García Feijoo, J., Ginés Gallego, C. et al. «Efficacy and Safety of the PreserFlo Implant with Mitomycin C in Childhood Glaucoma after Previous Failed Glaucoma Surgeries». Graefe’s Archive for Clinical and Experimental Ophthalmology, vol. 261, n.o 5, mayo de 2023, pp. 1349-57. DOI.org (Crossref), https://doi.org/10.1007/s00417-022-05939-5.</subfield>
   </datafield>
   <datafield ind1="8" ind2=" " tag="024">
      <subfield code="a">0721-832X</subfield>
   </datafield>
   <datafield ind1="8" ind2=" " tag="024">
      <subfield code="a">10.1007/s00417-022-05939-5</subfield>
   </datafield>
   <datafield ind1="8" ind2=" " tag="024">
      <subfield code="a">https://hdl.handle.net/20.500.14352/73237</subfield>
   </datafield>
   <datafield ind1="8" ind2=" " tag="024">
      <subfield code="a">https://doi.org/10.1007/s00417-022-05939-5</subfield>
   </datafield>
   <datafield ind1="8" ind2=" " tag="024">
      <subfield code="a">https://link.springer.com/article/10.1007/s00417-022-05939-5</subfield>
   </datafield>
   <datafield ind2="0" ind1="0" tag="245">
      <subfield code="a">Efficacy and safety of the PreserFlo implant with mitomycin C in childhood glaucoma after previous failed glaucoma surgeries</subfield>
   </datafield>
</record></metadata></record></GetRecord></OAI-PMH>